Land reform : a world surrey (Record no. 7872)
[ view plain ]
| 000 -CABECERA | |
|---|---|
| campo de control de longitud fija | 00498nam#a2200205#c#4500 |
| 003 - IDENTIFICADOR DEL NÚMERO DE CONTROL | |
| campo de control | IEF |
| 005 - FECHA Y HORA DE LA ÚLTIMA TRANSACCIÓN | |
| campo de control | 20180219150459.0 |
| 008 - CÓDIGOS DE INFORMACIÓN DE LONGITUD FIJA | |
| campo de control de longitud fija | 941205s1977 uuu####fr####| 0||u| |u |
| 040 ## - FUENTE DE LA CATALOGACIÓN | |
| Centro catalogador de origen | IEF |
| 100 1# - PUNTO DE ACCESO PRINCIPAL - NOMBRE DE PERSONA | |
| Nombre de persona | King, Russell |
| 9 (RLIN) | 23784 |
| 245 ## - MENCIÓN DE TÍTULO | |
| Título | Land reform : a world surrey |
| 260 ## - PUBLICACIÓN, DISTRIBUCIÓN, ETC. (PIE DE IMPRENTA) | |
| Lugar de publicación distribución etc. | London |
| Nombre del editor distribuidor etc. | G. Bell |
| Fecha de publicación distribución etc. | 1977 |
| 300 ## - DESCRIPCIÓN FÍSICA | |
| Extensión | XVI, 446 p. |
| Dimensiones | 23 cm. |
| 500 ## - NOTA GENERAL | |
| Nota general | Indices. -- Bibliografía |
| 650 #4 - PUNTO DE ACCESO ADICIONAL DE MATERIA--TÉRMINO DE MATERIA | |
| Término de materia o nombre geográfico como elemento inicial | REFORMA |
| 9 (RLIN) | 10750 |
| 650 #4 - PUNTO DE ACCESO ADICIONAL DE MATERIA--TÉRMINO DE MATERIA | |
| Término de materia o nombre geográfico como elemento inicial | AGRICULTURA |
| 9 (RLIN) | 8497 |
| 942 ## - ELEMENTOS DE PUNTO DE ACCESO ADICIONAL (KOHA) | |
| Tipo de ítem Koha | Libros |
| 942 ## - ELEMENTOS DE PUNTO DE ACCESO ADICIONAL (KOHA) | |
| -- | 29739 |
| Estado de retiro | Estado de pérdida | Estado dañado | No para préstamo | Localización permanente | Fecha de adquisición | Signatura topográfica completa | Código de barras | Fecha visto por última vez | Precio válido a partir de | Tipo de ítem Koha |
|---|---|---|---|---|---|---|---|---|---|---|
| Disponible para préstamo | IEF | 1994-12-05 | 30172 | 30172 | 2018-02-19 | 2018-02-19 | Libros |